[Event "GER-chT Federal Cup (Women)"]
[Site "Braunfels"]
[Date "2006.05.07"]
[Round "5"]
[White "Roos, Karin"]
[Black "Fuchs, Antje"]
[Result "0-1"]
[WhiteElo "1914"]
[BlackElo "2104"]
[PlyCount "123"]
[EventDate "2006.05.04"]
[EventType "team-swiss"]
[EventRounds "5"]
[EventCountry "GER"]
[SourceTitle "EXT 2010"]
[Source "ChessBase"]
[SourceDate "2010.11.25"]
[SourceVersion "1"]
[SourceVersionDate "2010.11.25"]
[SourceQuality "1"]

1. Nf3 Nf6 2. g3 g6 3. Bg2 Bg7 4. 0-0 c5 5. d3 d5 6. Nbd2 Nc6 7. Re1 0-0 8. Rb1 Re8 9. e4 d4 10. a4 a6 11. Nc4 Be6 12. b3 Rb8 13. Bf4 Rc8 14. Qd2 Nb4 15. Bh6 Nxc2 16. Rf1 Nb4 17. Bxg7 Kxg7 18. Ng5 Bxc4 19. bxc4 h6 20. Nh3 e5 21. f4 Ng4 22. fxe5 Ne3 23. Rf3 Rc7 24. Nf4 Rxe5 25. Bh3 Qe8 26. Ra1 Nec2 27. Raf1 Ne3 28. Ra1 Rce7 29. Rb1 Qxa4 30. Nd5 Nbxd5 31. cxd5 Nxd5 32. exd5 Rxd5 33. Qf4 Rde5 34. Qf6+ Kh7 35. Rbf1 Qa2 36. R3f2 Qb3 37. Rf3 a5 38. Qd6 Kg7 39. Qf6+ Kg8 40. Qd6 Qd5 41. Qb6 Re1 42. Bg2 a4 43. Qa5 Rxf1+ 44. Rxf1 Qe5 45. Be4 c4 46. Qa8+ Kg7 47. Bxb7 Qe3+ 48. Kg2 Qxd3 49. Bf3 c3 50. Qxa4 c2 51. Qa1 Qd2+ 52. Kh3 Kh7 53. Bd5 Rc7 54. Bxf7 c1Q 55. Bxg6+ Kxg6 56. Rxc1 Rxc1 57. Qa6+ Kf7 58. Qb7+ Ke6 59. Qe4+ Kd6 60. Qg6+ Kc5 61. Qf5+ Kb4 62. Qf8+ 0-1

[Event "GER-chT Federal Cup (Women)"]
[Site "Braunfels"]
[Date "2006.05.06"]
[Round "4"]
[White "Fuchs, Antje"]
[Black "Mai, Felicitas"]
[Result "0-1"]
[WhiteElo "2104"]
[BlackElo "1494"]
[PlyCount "120"]
[EventDate "2006.05.04"]
[EventType "team-swiss"]
[EventRounds "5"]
[EventCountry "GER"]
[SourceTitle "EXT 2010"]
[Source "ChessBase"]
[SourceDate "2010.11.25"]
[SourceVersion "1"]
[SourceVersionDate "2010.11.25"]
[SourceQuality "1"]

1. e4 e6 2. d4 d5 3. Nc3 dxe4 4. Nxe4 Bd7 5. Nf3 Bc6 6. Ned2 Nf6 7. Be2 Bd6 8. Nc4 0-0 9. 0-0 Bd5 10. Nxd6 Qxd6 11. Ne5 c5 12. Bf4 Qb6 13. c4 Be4 14. dxc5 Qxb2 15. Bf3 Qa3 16. Qb3 Qa6 17. Rfd1 Bxf3 18. Qxf3 Nc6 19. Rd6 Rac8 20. Qe2 Qa5 21. Nd3 Ne8 22. Rd7 Qa6 23. Rc1 Nf6 24. Rd6 Ne8 25. Qg4 Nf6 26. Qf3 Qxa2 27. Bg5 Ne8 28. Qg3 Nxd6 29. cxd6 Nd4 30. Nf4 f6 31. Bh6 Nf5 32. Qd3 Nxh6 33. Nxe6 Nf7 34. d7 Rcd8 35. h4 Ne5 36. Qg3 Rxd7 37. Nxf8 Kxf8 38. f4 Nxc4 39. f5 Ne5 40. Qe3 Qa6 41. Qc5+ Kf7 42. Qc8 Qb6+ 43. Kh1 Qd8 44. Qc2 a5 45. Qb3+ Kf8 46. h5 b5 47. Qxb5 Rd1+ 48. Rxd1 Qxd1+ 49. Kh2 Qxh5+ 50. Kg1 Qd1+ 51. Kh2 a4 52. Qb8+ Kf7 53. Qc8 Qd7 54. Qc2 Ng4+ 55. Kg3 Ne3 56. Qa2+ Nd5 57. Qc2 Qc7+ 58. Qxc7+ Nxc7 59. Kh4 a3 60. g4 a2 0-1